000 00470cam a2200205ua 4500
001 9050
005 20260515114423.0
008 150220n ii |||gr||||Z||||||asm
020 _a8186553266
040 _cMAIN
041 _aasm
082 _a294.5
100 _aChandra, R.,
_eEditor.
245 1 _aSatyar uday
_cEdited by Ram Chandra
250 _a1st.
260 _aTinsukia:
_bRam,
_c1998.
300 _a72p.
653 _aReligions ofIndic origin
942 _cBK
999 _c8133
_d8133